000 00818nam a22001937a 4500
003 OSt
005 20250923094734.0
008 240301b ||||| |||| 00| 0 eng d
040 _c0
082 _aDPer 621.317 Ie21 June 2022 v. 37 n. 6
100 _aAcharya, Sonam.
_eauthor.
_953894
245 _aPWM control of N-phase interleaved active front-end boost stage-based impedance source inverter /
_cSonam Acharya and Santanu Mishra.
260 _aNew York ;
_bThe Institute of Electrical and Electronics Engineers, Inc. ,
_cJune 2022.
300 _aVolume 37, pages 7354-7369 :
_billustration ;
_c29 cm.
500 _aIEEE Transactions on Power Electronics, vol. 37, no. 6, pages 7354-7369, June 2022.
700 _aAcharya, Sonam.
_eauthor.
_953894
700 _aMishra, Santanu.
_eauthor.
_953895
942 _2ddc
_cPER
999 _c19499
_d19499